| 000 -LEADER |
| fixed length control field |
00644cam a22001457a 4500 |
| 008 - FIXED-LENGTH DATA ELEMENTS--GENERAL INFORMATION |
| fixed length control field |
180718b-- xxu||||| |||| 00| 0 eng d |
| 082 ## - DEWEY DECIMAL CLASSIFICATION NUMBER |
| Classification number |
L806x54 A/R/1994-95/1 |
| 100 ## - MAIN ENTRY--PERSONAL NAME |
| Personal name |
India. Ministry of Railways. Railways Board. Directorate of Accounts |
| 9 (RLIN) |
3862 |
| 245 ## - TITLE STATEMENT |
| Title |
Appropriation accounts, Indian Railways, 1994-95 |
| 260 ## - PUBLICATION, DISTRIBUTION, ETC. (IMPRINT) |
| Place of publication, distribution, etc |
Delhi |
| Name of publisher, distributor, etc |
Directorate of Accounts, Railways Board, Ministry of Raolways |
| Date of publication, distribution, etc |
1995 |
| 300 ## - PHYSICAL DESCRIPTION |
| Extent |
36p. |
| 500 ## - GENERAL NOTE |
| General note |
Library has 1991/92, 1992/93 (part 1 and 2), 1993/94-1996/97, 1997/98 (part 2), 1998/99-2002/03, 2004/05-2008/09, 2010/11 |
| 650 ## - SUBJECT ADDED ENTRY--TOPICAL TERM |
| Topical term or geographic name as entry element |
Railways - Appropriations and expenditures - India |
| 9 (RLIN) |
3863 |
| 942 ## - ADDED ENTRY ELEMENTS (KOHA) |
| Source of classification or shelving scheme |
|